| 000 | 03120ncm0a2200433 4500 | ||
|---|---|---|---|
| 001 | RU\NLR\ONIZ\263332 | ||
| 005 | 20260213115029.7 | ||
| 035 | _a(NLR Aleph) 012411851 | ||
| 071 | 2 | 0 | _aС. 322 Л. |
| 090 |
_a11779897 _c11779897 |
||
| 100 | _a20260215 rusy50 | ||
| 101 | 0 |
_arus _afre |
|
| 102 | _aRU | ||
| 125 | _azx | ||
| 128 | _ast | ||
| 145 | 0 | _ab | |
| 200 | 1 |
_a25 etudes mélodiques [pour piano] _bНоты _eop. 45 _hLiv. 3 _e№ 20-25 _fS. Heller |
|
| 210 |
_aС. Петербург _cМузыкальный магазин "Северная лира" _d[ок. 1900] |
||
| 215 |
_a13 с. _d33 см |
||
| 225 | 1 | _aВыбор этюдов и упражнений для фортепиано, принятых в главнейших консерваториях и музыкальных школах | |
| 313 | _aСистематизация документа проведена по изданию - Методика классифицирования музыкальных произведений (нотных изданий) по таблицам Библиотечно-библиографических классификаций : метод. рекомендации / Гос. б-ка СССР им. В.И. Ленина.- М., 1977. Индексу ББК методических рекомендаций присваивается код ББК для научных библиотек - LBC/SL | ||
| 316 |
_6b01852 _5NLR _aЭкз. М 4Бел/32(3) (№ 269050). Припл. к: Хеллер (Геллер) С. (И.). 25 etudes mélodiques [pour piano]. С. Петербург, [ок. 1900] |
||
| 482 | 0 |
_6b01852 _1001RU\NLR\ONIZ\263330 _1852##$aNLR$bМ$j4Бел/32(1)$p269048$t1$z4Бел/32(2);4Бел/32(3);4Бел/33 _911779887 _aХеллер (Геллер), С. (И.) (1813-1888) _cС. Петербург _d[ок. 1900] _fS. Heller _hLiv. 1 _nМузыкальный магазин "Северная лира" _oop. 45 : № 1-9 _p13 с. _t25 etudes mélodiques [pour piano]: Ноты |
|
| 500 | 0 | 0 |
_aМелодические этюды (25) для фортепиано _bНоты _sOp. 45 _rФортепиано |
| 606 | 1 |
_aФортепианная музыка французская _z19-20 вв. _jНоты _jУчебно-методические пособия _2nlr_sh |
|
| 606 | 1 |
_aЭтюды для фортепиано _yФранция _z19 век _jНоты _jУчебно-методические пособия _2nlr_sh |
|
| 686 | 0 | _aЩ954.294(4Фр)я44 | |
| 700 | 1 |
_9z01790 _aХеллер (Геллер) _bС. (И.) _f1813-1888 _gСтефан (Иштван) _4230 _7ca |
|
| 703 | 1 |
_9z02790 _aБеляев _bВ. М. _cмузыковед _f1888-1968 _gВиктор Михайлович _4390 |
|
| 790 | 1 |
_9z01700 _aHeller _bS. (I.) _f1813-1888 _gStefan (István) _4230 _7ba |
|
| 790 | 1 |
_9z02703 _aBeljaev _bV. M. _f1888-1968 _gViktor Michajlovič _4390 _7ba |
|
| 801 | 0 |
_aRU _bNLR _c20201101 _gPSBO |
|
| 801 | 1 |
_aRU _bNLR _c20201101 _2rusmarc |
|
| 801 | 2 |
_aRU _bNLR _c20220607 |
|
| 852 |
_6b01482 _6b01316 _aNLR _gМ _j4Бел/32(3) _m269050 _t1 |
||
| 942 | _cSCORE | ||
| 980 | _aNB | ||
| 980 | _aONIZ | ||